The all england law reports.[ vol.1 ] (Record no. 42979)

MARC details
000 -LEADER
fixed length control field 00374nam a2200157Ia 4500
050 ## - CALL MARK
Classification number KF 60 .A5/
245 #4 - TITLE STATEMENT
Title The all england law reports.[ vol.1 ]
260 ## - PUBLICATION, DISTRIBUTION, ETC. (IMPRINT)
Place of publication Sussex,Britain.
260 ## - PUBLICATION, DISTRIBUTION, ETC. (IMPRINT)
Name of publisher Butterworths.
260 ## - PUBLICATION, DISTRIBUTION, ETC. (IMPRINT)
Year of publication 1955
300 ## - PHYSICAL DESCRIPTION
Number of Pages 928 p
650 ## - SUBJECT ADDED ENTRY--TOPICAL TERM
Topical Term Sussex,Britain.
942 ## - ADDED ENTRY ELEMENTS (KOHA)
Koha item type Books
Holdings
Withdrawn status Lost status Source of classification or shelving scheme Damaged status Not for loan Permanent Location Current Location Shelving location Date acquired Accession Number Price effective from Koha item type
    Library of Congress Classification     NILE UNIVERSITY OF NIGERIA - MAIN LIBRARY NILE UNIVERSITY OF NIGERIA - MAIN LIBRARY Items on shelf 06/03/2025 0186194 06/03/2025 Books
    Library of Congress Classification     NILE UNIVERSITY OF NIGERIA - MAIN LIBRARY NILE UNIVERSITY OF NIGERIA - MAIN LIBRARY Items on shelf 06/03/2025 0186197 06/03/2025 Books
    Library of Congress Classification     NILE UNIVERSITY OF NIGERIA - MAIN LIBRARY NILE UNIVERSITY OF NIGERIA - MAIN LIBRARY Items on shelf 06/03/2025 0186210 06/03/2025 Books